| 000 | 00501nam a2200193Ia 4500 | ||
|---|---|---|---|
| 003 | OSt | ||
| 005 | 20230330093319.0 | ||
| 008 | 210423s1995 xx 000 0 und d | ||
| 040 | _cAL | ||
| 041 | _aeng | ||
| 082 | _a659.2 STON | ||
| 100 |
_aSTONE (Norman). _979886 |
||
| 245 | _aManagement and practice of public relations. | ||
| 260 |
_bOxford University Press _c1995 |
||
| 300 | _axxiv,304 | ||
| 365 |
_b400 _cINR |
||
| 906 | _aManagement ; practice ; public ; relations. | ||
| 942 |
_2ddc _cBK |
||
| 999 |
_c156475 _d156475 |
||